000 00484nam a2200181Ia 4500
001 8661
005 20260306160626.0
008 260306t2004||||xx |||||||||||||| ||spa||
041 _aESP
082 _a371.26
_bI413
100 _aLafrancesco Villegas, Giovanni Marcelo
_eAUT
245 0 _aLa evaluación integral y del aprendizaje:
_bFundamentos y estrategias
260 _c2004
300 _a164 pƔginas :
_c24 cm.
650 _aGEN
654 _aCED
942 _cLIB
_dJUS
_fJUS
_2ddc
_n
999 _c8661
_d8661